| 000 -ლიდერი |
| ფიქსირებული სიგრძის საკონტროლო ველი |
01887nam a22002537a 4500 |
| 003 - საკონტროლო ნომრის იდენტიფიკატორი |
| საკონტროლო ველი |
Ge_BSU |
| 005 - ბოლო ოპერაციის თარიღი და დრო |
| საკონტროლო ველი |
20251023191842.0 |
| 008 - ფიქსირებული სიგრძის მონაცემთა ელემენტები - ზოგადი ინფორმაცია |
| ფიქსირებული სიგრძის საკონტროლო ველი |
251020s2025 ge ||||| |||| 00| 0 geo d |
| 020 ## - წიგნის საერთაშორისო სტანდარტული ნომერი |
| International Standard Book Number |
9789941994715 |
| 041 ## - ენის კოდი |
| Language code of text/sound track or separate title |
geo |
| 080 ## - უნივერსალური ათობითი კლასიფიკაციის ინდექსი |
| Universal Decimal Classification number |
343(479.22) გ-36 |
| 245 ## - ცნობა სათაურის შესახებ |
| Title |
გერმანულ-ქართული სამართლის დიალოგი : სისხლის სამართალი და ადამიანის უფლებები = Strafrecht und Menschenrechte: |
| Remainder of title |
კონფერენციის მასალები / |
| Statement of responsibility, etc |
რედაქტორები: ბაჩანა ჯიშკარიანი, მარტინ პაულ ვასმერი. |
| 264 ## - წარმოების, გამოცემის, დისტრიბუციის და სხვა ცნობები |
| გამოცემის, წარმოების, დისტრიბუციის... ადგილი |
თბილისი : |
| გამოცემის, წარმოების, დისტრიბუციის... სახელწოდება |
იურისტების სამყარო, |
| გამოცემის, წარმოების, დისტრიბუციის... თარიღი |
2025. |
| 300 ## - ფიზიკური აღწერა |
| Extent |
258 გვ. |
| Other physical details |
20 სმ. |
| 500 ## - ზოგადი შენიშვნა |
| General note |
ტექსტის ნაწილი გერმანულ ენაზე |
| 501 ## - შენიშვნა თანმხლებ მასალაზე |
| With note |
პროექტი განხორციელდა ფრიდრიხ ნაუმანის ფონდის სამხრეთ კავკასიაში წარმომადგენლობის ფინანსური მხარდაჭერით. |
| 504 ## - BIBLIOGRAPHY, ETC. NOTE |
| Bibliography, etc |
ბიბლიოგრაფია ტექსტის შენიშვნებში |
| 653 ## - INDEX TERM--UNCONTROLLED |
| Uncontrolled term |
სისხლის სამართალი |
| 653 ## - INDEX TERM--UNCONTROLLED |
| Uncontrolled term |
ადამიანის უფლებების დაცვა |
| 700 ## - ADDED ENTRY--PERSONAL NAME |
| Personal name |
ჯიშკარიანი, ბაჩანა |
| Relator term |
რედაქტორი |
| 9 (RLIN) |
26077 |
| 700 ## - ADDED ENTRY--PERSONAL NAME |
| Personal name |
ვასმერი, მარტინ პაულ |
| Relator term |
რედაქტორი |
| 9 (RLIN) |
15766 |
| 856 ## - ELECTRONIC LOCATION AND ACCESS |
| Uniform Resource Identifier |
https://wistra.uni-koeln.de/sites/wistra-llm/user_upload/Tagungsband_2024.pdf |
| Link text |
ელ. ვერსია |
| 942 ## - ADDED ENTRY ELEMENTS (KOHA) |
| Source of classification or shelving scheme |
|
| Koha item type |
წიგნი |